01389nam a2200385 i 450000100060000000300080000600500170001400600190003100700150005000800410006502000270010603500230013303500240015603500250018003500210020504000310022605000270025708000140028408200140029810000260031224500700033826400440040830000510045233600310050333700330053433800480056749000290061550400340064458801500067865000220082865000290085065500320087983000300091185600620094124129FlNmELB20241216214137.0m o d | cr cnu||||||||160412s2012 sp ob 000 0 spa d a9788492937172 (e book) a(MiAaPQ)EBC4422097 a(Au-PeEL)EBL4422097 a(CaPaEBR)ebr11162229 a(OCoLC)984772566 aFINmELBbspaerdacFINmELB 4aQC981.8.C5bA4547 2012 a504.38.540 a551.62231 aAlonso Oroza, Sergio.10a℗·Hablamos de cambio clim{acute}atico? /cSergio Alonso Oroza. 1aBilbao :bFundaci{acute}on BBVA,c2012. a1 recurso en l{acute}inea (159 p{acute}aginas) atextobtxt2rdacontent/spa acomputadorabc2rdamedia/spa arecurso en l{acute}ineabcr2rdacarrier/spa1 aConferencias magistrales aContiene bibliograf{acute}ia. aDescripci{acute}on basada en recurso en l{acute}inea; T{acute}itulo de la p{acute}agina del t{acute}itulo en PDF (e-libro, visto April 12, 2016). 0aClimatic changes. 4aCambio clim{acute}atico. 4aLibros electr{acute}onicos. 0aConferencias magistrales.40uhttps://elibro.net/ereader/politecnicointernacional/59587